Statistics for Most Popular Michael Jackson Songs

Click here to take the quiz!

General Stats

  • This quiz has been taken 33 times
  • The average score is 6 of 10

Answer Stats

Song% Correct
Thriller
100%
Billie Jean
97%
Beat It
78%
Bad
75%
Smooth Criminal
75%
Black Or White
50%
Earth Song
41%
The Way You Make Me Feel
41%
Remember The Time
31%
They Don't Care About Us
22%

Score Distribution

Percentile by Number Answered

Percent of People with Each Score

Your Score History

You have not taken this quiz